Data Structures and Objects Using C++
Salvato in:
| Autori principali: | , |
|---|---|
| Natura: | Libro |
| Lingua: | inglese |
| Pubblicazione: |
Reading :
Addison Wesley,
1997
|
| Soggetti: | |
| Tags: |
Nessun Tag, puoi essere il primo ad aggiungerne!!
|
MARC
| LEADER | 00000nam a22000003a 4500 | ||
|---|---|---|---|
| 001 | stu89679 | ||
| 005 | 20150617225623.5 | ||
| 008 | 040825s1997----xxu-----------------eng-d | ||
| 020 | |a 0-8053-7470-1 | ||
| 040 | |a STU |b slo | ||
| 041 | 0 | |a eng | |
| 044 | |a xxu | ||
| 080 | |a 519.68 | ||
| 100 | 1 | |a Main, Michael |4 aut | |
| 245 | 1 | |a Data Structures and Objects Using C++ | |
| 260 | |a Reading : |b Addison Wesley, |c 1997 | ||
| 300 | |a 751 s | ||
| 650 | 7 | |a C++ |2 stusub | |
| 700 | 1 | |a Savitch, Walter |4 aut | |
| 996 | |b M 30648 |c M*9951-1 |l MMKN |s A |a 24 |w stu89679_0001 | ||